000 00312nam a22001337a 4500
008 190305b xxu||||| |||| 00| 0 eng d
020 _a394400267
041 _aeng
080 _a941
100 _a16
101 _aHIS
245 _aA Distant Mirror. The Calmitous 14th Century
_cTuchman, B.W
942 _2udc
_cBK
999 _c54528
_d54528